Statistics for Countries Whose Capitals Start With Letter K

Click here to take the quiz!

General Stats

  • This quiz has been taken 174 times
  • The average score is 9 of 11

Answer Stats

CapitalCountry% Correct
KingstonJamaica
93%
KievUkraine
92%
Kuwait CityKuwait
89%
KinshasaDemocratic Republic of the Congo
86%
KampalaUganda
85%
KigaliRwanda
84%
KabulAfghanistan
82%
Kuala LumpurMalaysia
82%
KingstownSaint Vincent and the Grenadines
82%
KhartoumSudan
82%
KathmanduNepal
80%

Score Distribution

Percentile by Number Answered

Percent of People with Each Score

Your Score History

You have not taken this quiz